Kanały z największa liczbą obserwujących na twitch w Polsce - Statystyki

Ogólne statystyki
  • Ten quiz został rozwiązany 204 razy
  • Średni wynik to 5 z 20
Statystyki odpowiedzi
Liczba obserwujących Streamer % Poprawnych
441 338 xayoo
91%
1 417 771 izakooo
70%
355 665 ewroon
65%
325 735 pago
47%
491 880 nervarien
39%
268 589 arquel
35%
248 226 overpow
27%
195 338 h2p_gucio
24%
261 409 kubon
24%
501 671 jankos
23%
1 129 591 pashabiceps
23%
216 722 rockalone
18%
261 802 leh_tv
13%
187 641 brunecia
10%
304 549 esl_csgo_pl
9%
240 983 isamuxlive
5%
255 155 lotharhs
5%
207 877 nvidiageforcepl
4%
194 653 g5taz
3%
250 074 inetkoxtv
1%
Nie znaleziono quizów pasujących do podanych kryteriów
Rozkład punktacji
Procent ludzi z każdym wynikiem
Percentyl według liczby udzielonych odpowiedzi
Twoja historia wyników
Nie rozwiązałeś tego quizu